01255 2200205 4500001002100000005001500021008004100036020002200077035002000099082000800119084001400127100002100141245007300162250000600235260004200241300001200283520072800295650001401023990001201037INLIS00000000000125520240528030221240528 0 ind  a978-602-376-323-8 a0010-0524000490 a600 a600 DES k aAyu Cahya, Desta1 aBuku Ajar, Kesehatan Reproduksi Remaja dan wanita /cDesta Ayu Cahya a1 aYogyakarta :bPT. Pustaka Baru,c2022 a224 hlm aKesehatan reproduksi adalah salah satu faktor penting dalam kehidupan bernegara karena terkait dengan terbentuknya generasi penerus bangsa yang berkualitas unggul. Kesehatan reproduksi berkaitan erat dengan kondisi organ reproduksi wanita yang mengalami kehamilan, persalinan dan nifas. Pelayanan kesehatan reproduksi yang aman, efektif dan terjangkau adalah hak setiap orang tidak membedakan status sosial, ekonomi, ras maupun agama. Buku Ajar Kesehatan Reproduksi Remaja Dan Wanita ini berisi materi materi yang menjabarkan mengenai berbagai hal penting mengenai kesehatan reproduksi bagi remaja dan wanita. Buku ini bertujuan agar mahasiswa lebih memahami materi pembelajaran yang berkaitan dengan kesehatan reproduksi. 4aNon Fiksi a0747655